Načítá se...

Metabolism and physiological significance of lipids

Podrobná bibliografie
Hlavní autor: Dawson, R M C, Ed
Další autoři: Rhodes, Douglas N, ed
Médium: Printed Book
Jazyk:Undetermined
Vydáno: London : John Wiley & Sons, 1964
Témata:
LEADER 00544nam a2200157Ia 4500
008 200122s9999||||xx |||||||||||||| ||und||
080 |a 574.133  |b DAW-M 
100 |a Dawson, R M C, Ed. 
245 0 |a Metabolism and physiological significance of lipids 
260 |a  London :  |b John Wiley & Sons,  |c 1964 
300 |a 657 p. 
650 |a Metabolism-- Physiology 
700 |a  Rhodes, Douglas N, ed. 
942 |c BK 
999 |c 259151  |d 259151 
952 |0 0  |1 0  |4 0  |6 574_133000000000000_DAWM  |7 0  |9 275362  |a BCH  |b BCH  |l 0  |o 574.133 DAW-M  |p BCH232  |r 2020-01-24  |w 2020-01-24  |y BK